Hotel Savoy /

Joseph Roth (Brody, 1894-París, 1939), escritor austríaco de origen judío nacido en Ucrania. Roth, uno de los más prolíficos autores en lengua alemana, debe su fama a las novelas en que recrea la peregrinación de los judíos occidentales y el desaparecido mundo de la monarquía de los Habsburgo. Forza...

詳細記述

保存先:
書誌詳細
第一著者: Roth, Joseph (autor)
フォーマット: 図書
言語:スペイン語
出版事項: Barcelona, España : Acantilado, 2004, c2004
シリーズ:(Narrativa del Acantilado ; 61)
主題:
タグ: タグ追加
タグなし, このレコードへの初めてのタグを付けませんか!

MARC

LEADER 00000nam^a2200000^a^4500
001 000175602
005 20250521000000.0
009 20260310101612.4
020 |a 84-96136-49-3 
037 |a Acervo ITESO - Biblioteca 
041 |a ESP 
082 |a 833.  |b ROT 
100 |a Roth, Joseph  |e (autor) 
245 1 0 |a Hotel Savoy /  |c J. Roth ; tr. por F. Formosa. 
264 4 |a Barcelona, España :  |b Acantilado,  |c 2004, c2004 
300 |a 170 p. 
336 |a texto  |b txt  |2 rdacontenido 
337 |a sin mediación  |b n  |2 rdamedio 
338 |a volumen  |b nc  |2 rdasoporte 
440 1 |a (Narrativa del Acantilado ;  |v 61) 
500 |a Traducción de: Hotel Savoy 
520 |a Joseph Roth (Brody, 1894-París, 1939), escritor austríaco de origen judío nacido en Ucrania. Roth, uno de los más prolíficos autores en lengua alemana, debe su fama a las novelas en que recrea la peregrinación de los judíos occidentales y el desaparecido mundo de la monarquía de los Habsburgo. Forzado por el régimen nazi a salir de su país, se exilió en París, donde su vida estuvo marcada por problemas financieros, el alcoholismo y una radical oposición a Hitler. Su obra es, con frecuencia, una biografía del poder y de la descomposición social ligada al ascenso del nazismo. La tela de araña (1923), Hotel Savoy (1924), Judíos errantes (1927), Fuga sin fin (1927), Izquierda y derecha (1929), Job (1930), La marcha de Radetzky (1932), El triunfo de la belleza (1934), El peso falso (1937), La cripta de los capuchinos (1938), La noche mil dos (1938), La leyenda del santo bebedor (1939), y El leviatán (1940), son algunos de sus títulos. 
649 |a XX 
650 |a Novela Austríaca 
650 |a Literatura Austríaca -  |y Siglo XX 
650 |a Literatura en Alemán -  |z Austria 
910 |a Fondo General 
920 |a Impresos - Libros 
930 |a Colección General 
940 |a Literatura 
905 |a 101 
901 |a 0500114152  |b IT1  |c LIT  |u 20250521 
902 |a https://opac.biblio.iteso.mx/vufind/Record/000175602